| 000 | 00461nam a2200181Ia 4500 | ||
|---|---|---|---|
| 008 | 240925s9999 xx 000 0 und d | ||
| 020 | _a9789332575394 | ||
| 082 | _a658.8 KOT | ||
| 100 | _aKotler, Philip | ||
| 245 | 2 | _aA Framework for Marketing Management | |
| 250 | _a6th | ||
| 260 |
_aNew Delhi: _bPearson Education _c,2016. |
||
| 300 |
_a212p. _b0 _fOriginal |
||
| 500 | _aIncludes Index | ||
| 600 | _aManagement | ||
| 650 | _aManagement | ||
| 942 | _cBK | ||
| 999 |
_c17091 _d17091 |
||